00780nam a22001695i 4500001000700000003000900007005001700016008004100033040002000074100003500094245010300129260009900232300002600331490003500357830003500392852018300427164585ES-MaACL20230906212950.0020410s1847 sp |||| | spa d aCAM bspa cCAM1 aSánchez del Arco, Francisco.10aPolilla de los partidos b: comedia en tres actos y en verso / cpor Francisco Sánchez del Arco. aMadrid : bImprenta y librería de la Revista Médica, á cargo de Vicente Caruana, c1847. aXII, 73 p. ; c20 cm.1 aGalería dramática gaditana0 aGalería dramática gaditana aES-MaACLjF-8582(1) z-- Enc. pasta española z-- Enc. en un vol. facticio formando parte de la col. facticia "Teatro español moderno", vol. 35 q.- Falto de la cub. original